| 000 | 00907nam a2200241Ia 4500 | ||
|---|---|---|---|
| 003 | OSt | ||
| 005 | 20221005113137.0 | ||
| 006 | a|||||r|||| 00| 0 | ||
| 007 | ta | ||
| 008 | 221004b |||||||| |||| 00| 0 eng d | ||
| 020 | _c70 | ||
| 024 | _a97179 | ||
| 037 |
_b72875, 31/12/2008, Arsee Publishers _cTextual |
||
| 040 |
_aCRL _cCRL _beng |
||
| 041 |
_2eng _aeng |
||
| 082 | _aO168,3NBEx, 153N6 | ||
| 100 |
_aਬੇਦੀ, ਰਾਜਿੰਦਰ ਸਿੰਘl ਪ੍ਰੀਤਮ ਸਿੰਘ, ੳਗ। _9624476 |
||
| 245 | 0 | _aਗਰਮ ਕੋਟ | |
| 260 |
_aਨਵੀ _bਦਿੱਲੀ ਨਵਯੁਗ ਪਬਲਿਗ਼ ਭਾਰਤ _c1996 |
||
| 300 |
_a160ਪੰ _ccm. |
||
| 942 |
_hO168,3NBEx, 153N6 _cTEXL _2cc |
||
| 999 |
_c1027180 _d1027180 |
||